000 00728cam a22002051 4500
001 ne 68000957
003 DLC
005 20260227111839.0
008 870501s1962 ir 000 0 pero
010 _ane 68000957
035 _a(OCoLC)15620929
040 _aDLC
_cCU
_dDLC
042 _apremarc
050 0 0 _aDS292.3
_b.R3
100 1 _aRaḥīmʹzādah Ṣafavī, ʻAlī Aṣghar,
_d1894 or 1895-1959
245 1 0 _aZindagānī-i Shāh Ismaʻīl Ṣafavī,
_bsharḥ-i janghā va tārīkh.
_cTaʼlīf-i Raḥīmʹzādah Ṣafavī. Bi-ihtimām-i Yūsuf PūrʹṢafavī.
260 _a[Tihrān]
_bKitābfurūshī-i Khayyām,
_c1341 [1962]
300 _a4, 450 p.
_c25 cm.
600 0 0 _aIsmāʻīl
_bI,
_cShah of Iran,
_d1487-1524.
999 _c50204
_d50204